00680cam a2200193 450000100060000000300080000600500170001400800410003103500190007204000270009104100110011808200230012924501370015226000470028930000250033650400510036165000390041270000350045131978BD-RjUL20211209051756.0140423s1941 ii b 001 0 eng d a(BD-RjUL)32067 aDLCcDLCdBD-RjULbeng1 aengpal00a294.309bMAN 194112aA manual of Buddhist historical traditions (Saddhamma-saṅgaha) /cTranslated into English for the first time, by Bimala Churn Law. aCalcutta :bUniversity of Calcutta,c1941. avi, 140 p. ;c22 cm. aIncludes bibliographical references and index. 0aBuddhismxHistoryyTo ca. 100 A.D.1 aLaw, Bimala Churn,d1892-etr.